MARC

LEADER 00000nam0a2200000 4500
001 22688
005 20231030194833.0
010 |a 5801600302 
035 |a (RuTPU)RU\TPU\book\22901 
035 |a BOOK00022973 
090 |a 22688 
100 |a 20011209d2000 m y0rusy50 ca 
101 0 |a rus 
102 |a RU 
105 |a y j 000zy 
200 1 |a Управленческое консультирование для руководителей  |e Практическое пособие  |f П. А. Капустин 
210 |a СПб.  |c Бизнес-Пресса  |d 2000 
215 |a 160 с. 
610 1 |a экономика 
610 1 |a управление 
610 1 |a бизнес 
610 1 |a руководители 
610 1 |a предприятия 
610 1 |a организации 
610 1 |a управленческое консультирование 
610 1 |a консультанты 
610 1 |a практические пособия 
686 |a У9(2)212.8я7  |v LBC/SL-A  |2 rubbk 
700 1 |a Капустин  |b П. А.  |g Петр А. 
801 0 |a RU  |b 63413507  |c 20011209  |g PSBO 
801 2 |a RU  |b 63413507  |c 20121012  |g PSBO 
900 |a Управленческое консультирование 
942 |c BK